003260000a22001090004500090001700000245009200017041001300109100002700122942001300149773003700162999001700199 aASbSeriadas10aToward a cladistic model for the caribbean subregion: delimitation of areas of endemism0 aInglés1 aMorrone, Juan J.94481 cARTICULO1 tCaldasia345h1q43-76d2001g23 c14726d14726